[Event "WA Junior Closed"]
[Site "Chess.com"]
[Date "2021.01.30"]
[Round "2"]
[White "Levine, Joseph"]
[Black "Lee, Brian"]
[Result "1-0"]
[WhiteElo "2244"]
[BlackElo "1898"]
[Annotator "Ralph Dubisch"]
[PlyCount "77"]
[EventDate "2021.01.30"]
[EventType "tourn"]
[EventRounds "5"]
[TimeControl "3000+10"]

{[%evp 0,77,25,16,71,43,82,67,62,42,33,37,46,23,55,43,78,72,44,25,23,21,28,25,
19,17,5,23,0,-31,-5,-36,29,25,10,10,10,5,9,-11,190,154,157,155,118,103,124,132,
169,169,226,178,321,306,158,183,145,156,328,328,335,320,324,332,341,341,432,
407,428,428,428,430,851,1145,29995,29996,29997,29998,29999,-30000]} 1. e4 c5 2.
Nf3 d6 3. d4 cxd4 4. Nxd4 Nf6 5. Nc3 a6 {The Najdorf variation is the most
popular line of the Sicilian in modern times. Black makes it expensive for
White to put a bishop or knight on b5, so Black can now consider an early ...
e5. Black also supports a possible ...b5 with queenside expansion and perhaps
a threat (...b5-b4) to the e4-pawn.} 6. Bd3 {This is a bit unusual here,
though White may be hoping to transpose into a different line.} (6. Be3 {
is the most common relatively modern move, while}) (6. Be2) ({and} 6. Bg5 {
are somewhat more traditional lines.}) 6... e6 7. O-O b5 8. Be3 (8. a4 b4 9.
Na2 e5 10. Nf3 Nc6 11. c3 $13) 8... Bb7 9. a3 Nbd7 10. f4 Qc7 11. Qf3 Nc5 12.
Rac1 ({I haven't seen this move here before, but my Stockfish engine likes it
slightly better than the "theoretical"} 12. Rae1 {.}) 12... Be7 13. b4 $5 {
Thus explaining the placement of the rook.} Ncd7 (13... Nxd3 $6 14. cxd3 $14 {
forces the black queen to move again, thus explaining one idea behind putting
the rook on c1.}) 14. Nce2 Nb6 15. g4 d5 $6 ({Black loses central flexibility.
More thematic, and better, is} 15... Nc4 {, occupying the outpost and hitting
both the e3-bishop and the a3-pawn.}) 16. e5 Nfd7 (16... Ne4 17. f5 $1 O-O (
17... exf5 $2 18. Nxf5) (17... Qxe5 18. fxe6 fxe6 19. Qf7+ Kd7 20. Nf3 $1 Qd6
21. Bf4 {, and White wins material.}) 18. f6 gxf6 19. exf6 Nxf6 (19... Bd6 20.
Qh3 Kh8 21. Rf3 $1 {and it's starting to get very difficult to imagine a
defense.}) 20. Qh3 Ne4 21. Qh6 {with a serious attack.}) 17. Ra1 $5 ({Direct
advance is also possible:} 17. f5 Nxe5 18. Qg3 Nbc4 19. fxe6 f6 20. Nf5 $16 {.}
) (17. Qh3 $5) 17... Nc4 18. c3 $2 (18. Qh3) 18... O-O-O ({Stockfish points
out the positional tactic} 18... g5 $1 {, breaking up the mobile pawn mass at
just the right moment:} 19. Rae1 (19. fxg5 $2 Ndxe5 20. Qg3 Nxe3 21. Qxe3 Nxd3
22. Qxd3 Bxg5 $17) 19... O-O-O $17 {.}) 19. a4 Ndxe5 $2 ({Black finds a tactic
to take advantage of the loose bishop on d3; unfortunately, it's the wrong
tactic for the job. Instead, the short, sharp, flurry} 19... bxa4 20. Rxa4 Nb2
21. Bxa6 Nxa4 22. Nb5 Qb8 23. Na7+ Kc7 24. Nb5+ {repeats.}) 20. fxe5 Nxe5 21.
Qg3 ({Or} 21. Qh3 {.}) 21... Nxd3 22. Qxc7+ Kxc7 23. Rxf7 Kd7 (23... Rd7 24.
axb5 axb5 25. Nxe6+ Kc8 26. Rxg7 $16 {when Black's plan to grab pawns has
clearly not met with success.}) 24. Bg5 Rde8 25. axb5 Ne5 26. Rxe7+ Rxe7 27.
Bxe7 Kxe7 28. bxa6 Ba8 $2 (28... Ra8 29. b5 (29. axb7 $2 Rxa1+ 30. Kf2 Nd7 $15)
29... Bc8 {also doesn't look like fun.}) 29. Nf4 Rc8 30. Nfxe6 (30. Re1) 30...
Rxc3 31. Nxg7 Rc4 32. b5 Rb4 (32... Nf3+ 33. Nxf3 Rxg4+ 34. Kf2 Rxg7 35. Rc1 {
doesn't help Black.}) 33. Re1 Kd7 34. Ngf5 Ng6 35. h4 Nxh4 36. Re7+ Kd8 37.
Ne6+ Kc8 38. Nd6+ Kb8 39. a7# {An aesthetic checkmate pattern to end the game.}
1-0

[Event "Seattle City Championship"]
[Site "Chess.com"]
[Date "2021.01.30"]
[Round "1"]
[White "Ingram, Richard"]
[Black "Lenderman, Aleksandr"]
[Result "0-1"]
[WhiteElo "1880"]
[BlackElo "2704"]
[Annotator "Aleksandr Lenderman"]
[PlyCount "98"]
[EventDate "2021.01.30"]
[EventType "swiss"]
[EventRounds "5"]
[TimeControl "3600+5"]

{[%evp 0,98,19,38,43,18,28,33,57,16,2,47,48,48,48,38,27,20,21,21,10,17,20,27,
29,8,5,2,-6,-21,-32,-41,-50,-46,-43,-43,-42,-53,-49,-60,-53,-50,-39,-48,-49,
-39,-40,-49,-40,-79,-90,-89,-72,-85,-88,-83,-78,-68,-60,-57,-40,-34,-48,-64,
-65,-71,-70,-62,-62,-62,-54,-64,-69,-69,-67,-89,-102,-109,-118,-118,-144,-169,
-133,-200,-189,-390,-465,-492,-496,-476,-542,-758,-639,-640,-788,-926,-980,
-29981,-1160,-1334,-980] The first round game was a good textbook example of
how just because queens and most minor pieces get exchanged, you are far from
guaranteed an easy draw.} 1. e4 e6 2. d4 d5 3. Nd2 c5 {In my opinion, the only
line that should equalize against the Tarrasch French. Giri also believes that
in his chessable course. The only drawback of this line is that often, the
game can become simplified. However, this game shows, that you can still get
winning chances in any quiet line, even if the opponent does not make any
obvious mistakes.} 4. Ngf3 cxd4 5. exd5 (5. Nxd4 Nc6 6. Bb5 Bd7 7. Nxc6 bxc6 8.
Bd3 {Is another line which can lead to more of a double-edged fight.}) 5...
Qxd5 6. Bc4 Qd6 7. O-O Nf6 8. Nb3 Nc6 9. Nbxd4 Nxd4 10. Qxd4 (10. Nxd4 {
This is a more principled line, after which black usually plays either Be7 or
a6 followed by Qc7.} Be7 (10... a6)) 10... Qxd4 11. Nxd4 Bc5 {I think this is
accurate, since Nb5 isn't really a threat, so a6 isn't necessary.} 12. Bb5+ $6
{Trying to simplify further, however probably not the best. That is the
drawback of trying to play for the draw too much without forcing it, is that
you often make concessions as a result, and make unfavorable trades. I don't
think logically, white should trade his developed bishop on c4 for my
undeveloped one on c8.} (12. Nb5 Ke7) (12. Nb3 {This is probably the main line
here.}) (12. Rd1) 12... Bd7 13. Bxd7+ Kxd7 14. Ne2 $6 {Also inaccurate. Too
passive. Susan Polgar often mentions how it is better to avoid backward knight
moves in most cases unless there is a concrete reason for it. This is no
exception.} (14. Rd1 Ke7 15. Bg5 {should still be close to equal.}) 14... Ke7
15. Bg5 h6 16. Bxf6+ Kxf6 {Another pair of minors were traded, but let's take
stock here. This looks like an equal position. However, black is better for
three main reasons. 1) My king is a bit more active, which is importnat in the
endgame. 2) Bishop against a knight in an open and structurely inbalanced
structure is favorable for me. 3) Most importantly, I have a central pawn
against his side pawns. However, my bishop can deal with his 3 on 2 majority
very well. Let's now see how such a position can be won.} 17. Rad1 Rhd8 18. Ng3
Bb6 19. Rfe1 Rac8 20. c3 g6 {Preparing Ke7 and f5, to restrict the g3 knight.}
21. Kf1 Ke7 22. Ke2 f5 23. Kf3 Kf6 24. Ne2 e5 25. g3 g5 {My kingside pawns are
coming.} 26. Nc1 e4+ 27. Kg2 Rxd1 $1 28. Rxd1 f4 {I gotta give something to
get something. I am sacking a pawn in order to get the pawn potentially to f3.}
29. Nb3 (29. Rd6+ Ke5 30. Rxh6 f3+ 31. Kf1 Rd8 32. Ke1 e3 $19 {Is a sample
line where black is crashing through.}) 29... f3+ 30. Kf1 Ke5 31. a4 Rd8 $1 {
And finally, the last part of the plan. Exchanging rooks guarantees me the
winning bishop against knight endgame because his king is in a box, and
eventually I can induce queenside weaknesses.} 32. Rxd8 Bxd8 33. Nd4 Bb6 34.
Nc2 g4 35. b3 h5 {Just shoring up the kingside, since white cannot do anything
anyway.} 36. Ke1 a6 37. Kf1 (37. Ne3 {It's worth noting that white cannot
active his knight and transpose into a king and pawn endgame.} Bxe3 38. fxe3 a5
39. Kf1 Kd5 40. Ke1 Kc5 41. Kf1 b5 42. axb5 Kxb5 43. Ke1 a4 {And I win easily.}
) 37... Ba5 {Finally provoking more weaknesses.} 38. b4 (38. c4 Bd2 39. b4 Kd6
(39... a5 40. bxa5 Bxa5 {Here black is breaking through.}) 40. a5 Bc3 41. Kg1
Ke5 42. Kf1) 38... Bd8 39. c4 a5 40. b5 Bb6 41. Ke1 Kd6 42. Na1 Kc5 {I
brokethrough. The rest was very simple.} 43. Nb3+ Kxc4 44. Nd2+ Kd3 45. Nf1 Bc5
{Pictureesque position of a total domination.} 46. h4 gxh3 47. Nh2 Kc2 48. g4
hxg4 49. Nxg4 Kb3 {AlexanderL won by resignation} 0-1

[Event "Seattle City Championship"]
[Site "Chess.com"]
[Date "2021.01.30"]
[Round "2"]
[White "Lenderman, Aleksandr"]
[Black "Vijayakumar, Advaith"]
[Result "1-0"]
[WhiteElo "2704"]
[BlackElo "2062"]
[Annotator "Aleksandr Lenderman"]
[PlyCount "85"]
[EventDate "2021.01.30"]
[EventType "swiss"]
[EventRounds "5"]
[TimeControl "3600+5"]

{[%evp 0,85,28,-13,-14,-9,4,-27,-19,-18,-18,-13,-9,-9,-5,-5,-17,-17,15,22,22,
26,22,23,43,40,40,40,67,67,67,67,70,78,85,70,119,78,78,80,80,73,80,85,93,88,81,
81,92,76,80,79,79,71,74,43,43,43,43,0,58,58,58,61,68,40,86,71,59,59,53,38,97,
97,133,71,65,60,84,52,201,241,238,238,29987,29988,29989,29990] This game was
against a local young player, Advaith. He's playing at a solid expert level,
moving on to master level. I know that he's a very solid player and he
definitely lived up to his reputation of holding a difficult position out of
the opening for many moves until only cracking deep in the endgame with less
than a minute on his clock.} 1. b3 {I know he's good at openings so I just
wanted to play chess this time.} Nf6 2. Bb2 g6 3. g3 Bg7 4. Bg2 O-O 5. Nf3 c5
6. O-O Nc6 (6... d6) (6... d5 7. c4 d4 8. b4 {Is another interesting direction
the game could've went.}) 7. c4 d5 $6 {The timing of this wasn't best and I
got a very good position as a result.} 8. cxd5 Nxd5 9. Bxg7 Kxg7 10. d4 cxd4 (
10... Qa5 11. e4 Nc3 12. Nxc3 Qxc3 13. Rc1) 11. Nxd4 Nxd4 12. Qxd4+ Nf6 13. Qe5
$1 {I already had this exact position before in another game, so I knew that
Qe5 is the right move here, really restricting his development and forcing
more concessions. So far I'm playing quickly and confidently. However, soon, I
started misplaying it.} Qd6 $1 {Definitely this is not the move he wants to
play, to weaken the d6 pawn. However, this was really the only way to get rid
of this queen, and somehow free his development. I should be better, but it is
actually not so easy.} 14. Qxd6 exd6 15. Nc3 a6 $6 (15... Rd8 16. Rfd1 Rb8 {
Was more precise to try to develop the c8 bishop immediately.}) 16. Rfd1 Rd8
17. Rac1 $6 (17. Rd2 {I wanted to play this. However, I did not see how to
proceed if he brings his king to e7.} Kf8 18. Rad1 (18. Rc1 {However, I can
play Rc1 and Nd5 here. I guess I was looking for something more than that.})
18... Ke7) 17... Ra7 (17... Rb8 {I expected this more.}) 18. Ne4 $6 (18. Nd5 {
This was more accurate.} Nxd5 19. Bxd5 b5 20. Rc6 Kf6 21. Rdc1 $16 {With a big
advantage due to better pieces and better pawn structure. Black is still alive
though.}) 18... Nxe4 19. Bxe4 b5 20. Rc6 Rad7 (20... Re7 {I expected this more.
}) 21. Bd5 Kf8 22. Rb6 $2 {This was a mistake and most likely the start of my
technical problems. I wanted to stop Bb7 trying to trade off the bishops.
However, that wasn't ever a threat, and giving him the c-file gave him too
much unnecessary counterplay, and made my technical task very difficult.} (22.
f3 Ke7 23. Kf2 {Should be winning step by step since black has no counterplay
and Bb7 is simply met by Rb6.} Bb7 24. Rb6 Bxd5 25. Rxd5 Ra7 26. g4 {This rook
endgame is totally winning for white since black is totally passive with both
rooks.}) 22... Rc7 23. Rd2 Ke7 (23... Bh3 24. f3 Rc1+ 25. Kf2 Rf1+ 26. Ke3 Re8+
27. Kd3 {I calculated this to be safe for me.}) 24. f4 (24. f3 {Perhaps f3 was
a better way.}) 24... f5 $6 {Probably not recommended to put another pawn on
the color of the bishop.} 25. Kf2 Rc5 26. b4 $6 {Another hasty move, allowing
too much counterplay.} (26. Bf3) 26... Rc3 27. e4 $2 {Wow, this was just very
bad, a clear positional mistake. How could I possibly have thought of
activating his horrible c8 bishop?!} (27. Bb3 $16) 27... fxe4 28. Bxe4 Rc4 29.
Re2 $4 {Amazingly, this is just a blunder. I was lucky he didn't have much
time left here. I saw he can play Kd7, but I didn't see that I was just lost
there. Amazing stuff.} Kf6 $4 {Phew, I dodged a bullet here.} (29... Kd7 30.
Rb8 Kc7 31. Ra8 {I thought this was fine, but} d5 {followed by a potential Kb7,
and I lose.}) 30. a3 Rc3 31. Re3 Rc1 32. Kg2 $6 {Here I continue to play
inaccurately. At this point I just probably got lazy and started to play on
his time. It worked I guess, but very often, it might not work.} (32. Rd3)
32... Kg7 33. Bb7 Rc2+ 34. Kf3 Bh3 35. g4 h5 36. gxh5 gxh5 37. Kg3 Bf5 38. Kh4
$5 {A trick that worked because my opponent was now below a minute.} Rxh2+ $2 {
The final mistake letting my king in. Now I was able to genererate a decisive
attack.} (38... Kf6 {Here black is totally fine, and actually with ideas like
Rxh2, and Rb8, if anyone has to be careful, it's me.}) 39. Kg5 Rf8 $2 {This
loses quickly.} (39... Bb1) 40. Re7+ Kh8 41. Rxd6 Rh3 (41... Bh7 42. Bd5) 42.
Rh6+ Kg8 43. Bd5+ {AlexanderL won by resignation. It was good to win in the
end, but certainly a very unconvincing technique for me after a very good
opening.} 1-0

[Event "Seattle City Championship"]
[Site "Chess.com"]
[Date "2021.01.30"]
[Round "3"]
[White "Bernadskiy, Vitaliy"]
[Black "Lenderman, Aleksandr"]
[Result "1-0"]
[WhiteElo "2619"]
[BlackElo "2704"]
[Annotator "Aleksandr Lenderman"]
[PlyCount "85"]
[EventDate "2021.01.30"]
[EventType "swiss"]
[EventRounds "5"]
[TimeControl "3600+5"]

{[%evp 0,85,19,29,18,2,0,1,1,1,17,7,21,23,40,24,23,17,15,20,20,20,21,35,30,35,
32,27,37,32,33,28,19,14,20,0,15,3,6,7,9,24,20,2,26,30,0,0,97,98,101,86,88,98,
98,88,98,98,148,166,166,174,173,173,169,175,171,192,210,210,222,245,254,406,
424,424,431,447,566,574,594,631,784,794,1409,1445,29991,29992] This game was
the critical game for the tournament standings, against the other GM in the
tournament, Vitaliy Bernadskiy. Unfortunately, this time it did not go my way,
as I lost my way in complications.} 1. Nf3 Nf6 2. c4 e6 3. Nc3 d5 4. d4 a6 {
A solid system that Magnus has played many times.} 5. cxd5 exd5 6. Bg5 Be6 7.
e3 Nbd7 8. Bd3 Bd6 {Since I am annotating the games, I was not interested in a
short draw, and instead wanted a fight. Therefore, I chose the Bd6 line.
Actually, the truth is, I just forgot during the moment that the h6 move
existed here :)} (8... h6 9. Bf4 g5 (9... Nh5 10. O-O) 10. Bg3 Nh5 11. Be5 Nhf6
{Is another interesting line. Or Ng7 if I want to avoid the draw.} (11... Ng7
12. Bg3 {Though difficult if white really insists :) Black now needs to go for
a worse position to avoid a draw.}) (11... Nxe5 12. Nxe5)) 9. O-O O-O 10. h3 c6
11. Bf4 {We both played this part very quickly. I turned down his draw offer
here.} Qc7 12. Bxd6 Qxd6 13. Rc1 {Here I needed to find a plan. I'm not sure
if I played the best way here.} Rfe8 (13... Qe7 {Most likely I should play
this and then try to bring one of my knights to d6, usually the best structure
in Carlsbad. Not sure why I forgot about that idea.} 14. Qc2 g6 15. a3 Nb6 16.
Rfe1 Nc8 17. Na4 Nd6 18. Nc5 Bf5 19. Bxf5 Nxf5 20. Ne5 Rfe8 {My gut tells me
black should be fine here, though, perhaps white has some concrete ideas like
f3 e4}) 14. a3 h6 15. Re1 Rac8 16. Qb3 {So far, we've both played waiting
moves, but now I felt that with the queen on b3, it might be time to play c5.
On one hand it might be logical. On the other hand, it's a very concrete move,
which requires precise play from me after that to not end up statically worse.
I did not manage to handle the dynamics well unfortunately.} c5 (16... Rc7 17.
Qb4 {I was actually a little bit worried about this move, though probably
after trading I should be ok. I remember Magnus beat Fabi in a similar
structure by trading queens on a3.} (17. Qc2 {Of course, he can just play a
move like Qc2.}) 17... Qxb4 18. axb4 Nb6) 17. dxc5 Nxc5 18. Qd1 Qb6 19. b4 Nce4
{I thought I would get some dynamic counterplay here, but maybe I don't.} 20.
Na4 (20. Ne2 {Was probably also a small plus for white.}) 20... Qd6 (20... Rxc1
21. Nxb6) 21. Bxe4 Nxe4 (21... Rxc1 22. Bh7+ Kxh7 23. Qxc1 Rc8 24. Nc5 {
Was annoying since he always has Qb1+ intermetzo. However, maybe this was the
way to go.} Ne4 25. Qb1 Bf5) 22. Qd4 {Now, the problem is, he has a perfect
setup with Nc5 and so on. However, I was banking on a concrete idea here. It
worked but I just didn't follow up correctly unfortunately.} Bxh3 23. gxh3 Qg6+
$6 (23... Qd7 {This was the move to play here. For some reason I never
considered this. Just goes to show I have to continue sharpening my tactics.}
24. Nb6 Qxh3 25. Rxc8 Rxc8 26. Nxc8 Qg4+ 27. Kh2 Qxf3 28. Rf1 Qh5+ {Leads to a
draw which would be a logical result.}) 24. Kf1 Qh5 $2 {But this is just a
serious mistake. Perhaps at this point I already saw some flaws and didn't
believe in my position anymore.} (24... Qf5 {Of course, I must play this.} 25.
Ke2 {And here I cannot believe that I missed a very straightforward idea} Rxc1
26. Rxc1 Re6 $132 {If white is better, it's still very complicated. For some
reason I only considered 25)Qxh3. Very poor dynamic skills on my part today.})
25. Ke2 $1 (25. Ng1 {For some reason I thought this is the only move, and
didn't consider that Ke2 is still possible here stepping into a pin. However,
I cannot take advantage of it.} Qh4 26. Qb2 Rxc1 27. Rxc1 d4 {I was hoping to
drum up some counterplay here, though objectively of course, it shouldn't be
enough after a strong move} 28. Nc5 Nxc5 29. Rxc5 dxe3 30. Rc3 exf2 31. Qxf2
$16) 25... Rxc1 26. Rxc1 Re6 {Here I was actually happy again, since I thought
his only move is Rg1 with the idea or Rg4.} 27. Rc8+ $1 (27. Rg1 g6 $3 (27...
Rf6 $6 {This was actually my intention.} 28. Rg4 Qxh3 29. Rf4 Qg2 30. Ne1 Qh2 {
With some vague hope to create a mess.}) 28. Rg4 Qxh3 {However, here I have
quite a lot of counterplay, maybe even enough for equality.}) 27... Kh7 28. Rc5
$1 {What to say. I just never saw this idea until he played it. Great idea,
forcing a trade of my great knight or killing my attack. His threat of Qxe4+
is a killer.} Qxh3 $5 {I was hoping for the best here but it shouldn't work.} (
28... Nxc5 29. Nxc5 Re7 30. Qg4 {I thought this should be a hopeless endgame.
Maybe it's not as hopeless as I thought. At least, today, Firouzja saved a
seemingly even more hopeless one, even after Giri made time control. This gave
me some hope today. But Bernadskiy was up to the technical task.}) 29. Qxd5 $1
{Of course not} (29. Rxd5 $4 Qg2 {And suddenly, I have a very strong attack.})
29... Nxc5 30. Nxc5 Rf6 31. Qxb7 Qh5 32. Qe4+ g6 33. a4 {Now it is totally
lost. No more counterplay. My last chance was ...} (33. Nd7 $4 Qb5+) 33... Qh3
34. Ne5 h5 35. Qd4 Qg2 36. Ne4 {His pieces are now beautifully coordinating
and his king is now safer than mine!} Rf5 37. Nd7 g5 38. Nef6+ Kh8 39. e4 Qf3+
40. Ke1 Qh1+ 41. Kd2 Qh4 42. Ng4+ f6 43. exf5 {VitaliyBernadskiy won by
resignation. An interesting battle. It's a pity that I couldn't do better in
the dynamics. However, full credit to Vitaliy for playing a great game and
showing precise calculation, good technique, and good opening preparation to
create me some problems.} 1-0